| Tag |
First Indicator |
Second Indicator |
Subfields |
| LEADER |
00000cam a2200000 i 4500 |
| 001 |
in00004730321 |
| 008 |
230126s2022 gw b 001 0 eng d |
| 005 |
20250318213241.7 |
| 020 |
|
|
|a 9783593515984
|
| 020 |
|
|
|a 3593515989
|
| 035 |
|
|
|a (OCoLC)on1368270106
|
| 035 |
|
|
|a (OCoLC)1368270106
|
| 040 |
|
|
|a UKMGB
|b eng
|e rda
|c UKMGB
|d BDX
|d OCLCQ
|d OCLCF
|d YDX
|
| 043 |
|
|
|a e-sp---
|
| 050 |
|
4 |
|a DP203
|b .A24 2022
|
| 082 |
0 |
4 |
|a 320.52094609034
|2 23
|
| 100 |
1 |
|
|a Acle-Kreysing, Andrea,
|e author.
|
| 245 |
1 |
0 |
|a Taming the revolution in nineteenth-century Spain :
|b Jaime Balmes and Juan Donoso Cortés /
|c Andrea Acle-Kreysing.
|
| 264 |
|
1 |
|a Frankfurt ;
|a New York :
|b Campus Verlag,
|c [2022]
|
| 300 |
|
|
|a 230 pages ;
|c 22 cm
|
| 336 |
|
|
|a text
|b txt
|2 rdacontent
|
| 337 |
|
|
|a unmediated
|b n
|2 rdamedia
|
| 338 |
|
|
|a volume
|b nc
|2 rdacarrier
|
| 504 |
|
|
|a Includes bibliographical references and index.
|
| 600 |
1 |
0 |
|a Balmes, Jaime Luciano,
|d 1810-1848
|1 https://isni.org/isni/0000000122770389
|
| 600 |
1 |
0 |
|a Donoso Cortés, Juan,
|c marqués de Valdegamas,
|d 1809-1853
|1 https://isni.org/isni/000000010884736X
|
| 650 |
|
0 |
|a Conservatism
|z Spain
|x History
|y 19th century.
|
| 650 |
|
0 |
|a Counterrevolutions
|z Spain
|x History
|y 19th century.
|
| 650 |
|
0 |
|a Religion and politics
|z Spain
|x History
|y 19th century.
|
| 651 |
|
0 |
|a Spain
|x Politics and government
|y 1814-1868.
|
| 600 |
1 |
7 |
|a Balmes, Jaime Luciano,
|d 1810-1848.
|2 fast
|0 (OCoLC)fst00012265
|
| 600 |
1 |
7 |
|a Donoso Cortés, Juan,
|c marqués de Valdegamas,
|d 1809-1853.
|2 fast
|0 (OCoLC)fst00019713
|
| 650 |
|
7 |
|a Conservatism.
|2 fast
|0 (OCoLC)fst00875582
|
| 650 |
|
7 |
|a Counterrevolutions.
|2 fast
|0 (OCoLC)fst00881341
|
| 650 |
|
7 |
|a Politics and government.
|2 fast
|0 (OCoLC)fst01919741
|
| 650 |
|
7 |
|a Religion and politics.
|2 fast
|0 (OCoLC)fst01093842
|
| 651 |
|
7 |
|a Spain.
|2 fast
|0 (OCoLC)fst01204303
|
| 648 |
|
7 |
|a 1800-1899
|2 fast
|
| 655 |
|
7 |
|a History.
|2 fast
|0 (OCoLC)fst01411628
|
| 852 |
8 |
|
|b pda,print
|z This title is available for the library to purchase for your use. Click the "Purchase It For Me" button to place a request. This item may take 5-10 business days to arrive.
|
| 955 |
|
|
|a Print PDA title
|
| 961 |
|
|
|m 565730
|
| 999 |
f |
f |
|s f755e458-f3ac-486d-9ede-fe46146088bb
|i 5ff8f180-77f6-4106-9cda-6bcaf6d2bef3
|t 0
|
| 952 |
f |
f |
|a Texas A&M University
|b College Station
|c Sterling C. Evans Library
|d Purchase on Demand
|t 0
|e DP203 .A24 2022
|h Library of Congress classification
|
| 998 |
f |
f |
|a DP203 .A24 2022
|t 0
|l Purchase on Demand
|